000 01048nas a2200325 4500
001 BR2012004844
003 BR-BrBNA
005 20231205120809.0
007 ta
008 230509b bl.|||p| |||| 00| 00por d
040 _aBR-BrBNA
_bpor
_cBiblioteca Nacional de Agricultura
041 _a(Pt)
072 _aL73; Q03
100 1 _aSeridan, B.
100 1 _aSouza, M.R.
100 1 _aNicoli, J.R.
100 1 _aCarmo, L.S.
100 1 _aMenezes, L.D.M.
100 1 _aOliveira, D.L.S.
100 1 _aAndrade, E.H.P.
245 1 _aViabilidade de Staphylococcus aureus FRI S-6 e produção de SEB em queijo elaborado com adição de Lactobacillus rhamnosus e Lactococcus lactis
650 _aQUEIJO
650 _aSTAPHYLOCOCCUS AUREUS
650 _aBACTERIA
650 _aMICRORGANISMO
650 _aCONTAMINAÇÃO
773 0 _tArquivo Brasileiro de Medicina Veterinária e Zootecnia (Brazil)
_xISSN 0102-0935
_g(Apr 2012), v. 64(2) p. 465-470
_wBR2012004844
909 _a202311
_bLúcia
_c55
_dLúcia Elande
942 _2AGRIS
_n0
_cANA
999 _c220363
_d220363